Quizzes
Events
Quiz Creation
Community
Videos
Private Events
Remove Ads
Sign In
Join for FREE
Feedback
Dark Mode
Quiz Categories
Sports
Geography
Music
Movies
Television
Just For Fun
Miscellaneous
History
Literature
Language
Science
Gaming
Entertainment
Religion
Holiday
For Kids
Quiz Lab
Recent
Popular Today
Quiz Kudos Today
Editor Picks
Curator Picks
Quizzes by...
Day
Popularity
Type
Ratings
Length
Year
Community
Subscriptions
Recent Discussions
Orange Saloon
Badges
Playlists
Quests
Create
Leaderboards
Showdown
Live 5
Trivia Bingo
Activity
Puzzle Library
Sporcle Events
Private Events
Virtual Trivia
Globe League
Become a Host
Pub Owners
SporcleCon
Opinionation
Our Games
Videos
Blog
Mobile Apps
Partnerships
Remove Ads and Go Orange
Feedback
Sports
Athletes
MLB
NBA
NHL
NFL
Soccer
Sports Teams
WWE
NCAA
Football
Premier League
Basketball
Baseball
Hockey
Golf
Tennis
Cricket
Rugby
Auto Racing
Olympics
World Cup
Sports
Athletes
MLB
NBA
NHL
NFL
Soccer
Sports Teams
WWE
NCAA
Football
Premier League
Basketball
Baseball
Hockey
Golf
Tennis
Cricket
Rugby
Auto Racing
Olympics
World Cup
Random Quiz
Search Sporcle
×
Quiz Lab
Quiz Lab
Sports
2016
Type in answers that appear in a list
Type in answers that appear in a list
Classic
Best Score? Go Orange.
Boca Juniors 2016 Stats
Can you name the Boca Juniors 2016?
By
francop
10m
45 Questions
272 Plays
272 Plays
272 Plays
Comments
Comments
Give Quiz Kudos
Give Quiz Kudos
-
- Ratings
hide this ad
Replay
Link that replays current quiz
Next Quiz
Link to next quiz in quiz playlist
You Got
0%
They Got
Avg Score
59%
Avg Friend Score
Upgrade to see
Score Distribution
Jump to the score distribution portion of the page
Score
0/45
Timer
10:00
0
Plays Today
position
Answer
% Correct
rb
Fabra
93%
med-
del-
out
Tevez
91.9%
gk
Sara
90.4%
med
Perez
89.3%
gk-
out
Orion
89.3%
med
Perez
89.3%
del
Pavon
89%
med
Gago
87.1%
del
Benedetto
86%
lb
Peruzzi
82.4%
def-
out
Diaz
79%
med-
del
Centurion
78.7%
gk
Rossi
76.1%
def
Magallan
75.4%
med
Barrios
75%
cb
Vergini
73.2%
def
Silva
71.7%
del
Bou
69.1%
med
Bentancur
68.4%
gk
Werner
67.3%
def
Jara
67.3%
del-
out
Calleri
65.4%
def
Tobio
64.3%
position
Answer
% Correct
med-
out
Lodeiro
64.3%
del-
out
Chavez
63.2%
del-
out
Osvaldo
61.8%
med-
out
Meli
58.8%
del
Carrizo
58.5%
med-
out
Erbes
53.3%
med-
out
Cubas
52.2%
del-
out
Palacios
47.8%
gk
Martinez
45.6%
med
Zuqui
43%
def-
out
Marin
38.2%
del
Benitez
34.9%
def
Molina
33.5%
del
Solis
30.5%
med-
out
Castellani
30.5%
med-
out
Cristaldo
25%
def-
out
Fuenzalida
24.3%
med
Chicco
21.7%
med-
out
Bravo
20.2%
gk
Galvan
15.1%
cb
Insauralde
14%
def
Goñi
10.3%
Quiz Playlist
Details
Report
Send in Message
Add To Playlist
Classic:
Type in answers that appear in a list
Last Updated: Feb 22, 2017
Quiz Scoreboard
CHALLENGE
Sign Up to Join the Scoreboard
Show All
Scores
Hide
Comments
May contain spoilers
Recently Published
Billboard Blitz: Fleetwood Mac
by CooCooCachoo
Music
15s
Presidents Visiting Landmarks
by Hejman
History
7m
An Introduction to Baseball
by treessimontrees
Sports
5m
More to Explore
Quiz From the Vault
Featured Blog Post
Where Did the Easter Bunny Come From?
hide this ad
You Might Also Like...
Tags
2016
junior
Today's Top Quizzes in Sports
Browse Sports
hide this ad
Today's Top Quizzes in 2016
Browse 2016
Top Contributed Quizzes in Sports
1
Les meilleurs buteurs des matchs entre le PSG et l’OM
2
2022 World Cup Stars
3
FIFA Club World Cup Champions
4
Les entraîneurs de l'OM et du PSG au 21e siècle
5
Criteria MLB: Left Handed Sluggers
6
Name the Premier League winners with different clubs
7
5-to-1: UK Sports Teams
8
AFC Teams Reveal (Wrong Answers Minefield)
9
Players with Multiple 50 Home Run Seasons
10
5-to-1: FBS Animal Nicknames
Explore More
Trending Topics
Disney
Marvel
Anime
Kpop
Harry Potter
Crossword
NBA
The Office
Song
NFL
Soccer
Puzzle
WWE
Pokémon
Country
hide this ad
More By:
francop
Quiz
Plays
Rating
Category
Featured
Created
Boca Juniors 2016
272
Sports
Feb 21, 2017
Go to Creator's Profile
Score Distribution
Quiz Creator Spotlight
francop
Follow
Send a Message
Quizzes Created
-
Created Quiz Play Count
-
More By This Creator
Popular Quizzes Today
1
Find the US States - No Outlines Minefield
2
Find the Countries of Europe - No Outlines Minefield
3
The Countries of the World
4
Find the US States
5
Risky Map Clicking: Biggest States A-Z
6
US States
7
Popular People in 1961
8
Movies - When Are They Set?
More Sports Quizzes
The 2021 Cubs
Quiz Lab
Trending Quizzes
Risky Map Clicking: Least Populous States A-Z
1-10 Letter G Words
1-10 Letter F Words
Risky Map Clicking: Next State Alphabetically
Risky Map Clicking: Biggest States A-Z
Recently Updated
Leaping Animals
pecheneg
Reality TV Shows (A-Z)
bhenderson79
Rickey Henderson's Hall of Fame Teammates
pecheneg
Champions League XIs: Arsenal
pecheneg
Quick Pick: Celebrities in WWE's Hall of Fame
aduchscher
A-Z Keypad Blitz II
pecheneg
Multiple Oscar Actors
pecheneg
Mystery Phrase Blitz: Oscar 'Best Actors'
pecheneg
F. Scott Fitzgerald Novels
LTH
Pick 3 Villains
ddd62291
Trending Topics
NBA
Kpop
Disney
Marvel
Harry Potter
Crossword
Anime
Country
WWE
Soccer
Song
Puzzle
NFL
Pokémon
The Office
Your Account Isn't Verified!
In order to create a playlist on Sporcle, you need to verify the email address you used during registration. Go to your
Sporcle Settings
to finish the process.
Report this User
Report this user for behavior that violates our
Community Guidelines
.
Details:
Send Report
Go to the Sporcle.com Mobile Site →
Comments